000 00646nam a22002052 4500
001 0000007578
005 20151217155834.0
008 080219s xx 000 0 eng d
020 _cKES
040 _aKABU
_cKABU
110 2 _aKenya.
_bNational Council for Science and Technology.
_@0000158856
245 1 0 _aNational research priority areas and the NCST research grant programme /
_cKenya.
260 _aNairobi :
_bNCST,
_c1989.
300 _a30 leaves.
650 0 _aResearch
_zKenya.
_@0000158861
650 0 _aResearch grants
_zKenya.
_@0000158862
908 _a080219
950 _@1
999 _c13099
_d13099